Essential management models :tried and tested business frameworks for strategy, customers and growth
Uloženo v:
| Hlavní autor: | |
|---|---|
| Médium: | Kniha |
| Jazyk: | angličtina |
| Vydáno: |
Routledge
2023
|
| Tagy: |
Přidat tag
Žádné tagy, Buďte první, kdo vytvoří štítek k tomuto záznamu!
|
MARC
| LEADER | 00000nam a22000007a 4500 | ||
|---|---|---|---|
| 008 | 240611b |||||||| |||| 00| 0 eng d | ||
| 020 | |a 9780367521875 | ||
| 100 | |a Foster, Grant S. |a Grannell Chris J. | ||
| 245 | |a Essential management models |b :tried and tested business frameworks for strategy, customers and growth |c Grant s. Foster and Chris J. Grannell |g xii, 126p. ill | ||
| 260 | |b Routledge |c 2023 |h New York |i 702181 |i 702182 |l HD30.28F78 |m Strategic planning |m Management | ||
| 500 | |a It includes bibliography and index | ||
| 942 | |a lcc |c BK |e Adeyemo O.O |f 11/06/2024 | ||
| 952 | |0 0 |1 0 |2 lcc |4 0 |6 HD003028 F78 |7 0 |9 5296 |a MPL |b HOL |c GJ |d 2024-06-11 |l 0 |o HD30.28F78 |p 2024-0539 |r 2024-06-11 00:00:00 |t 702181 |w 2024-06-11 |y BK | ||
| 952 | |0 0 |1 0 |2 lcc |4 0 |6 HD003028 F78 |7 0 |9 5297 |a HOL |b HOL |c GJ |d 2024-06-11 |l 0 |o HD30.28F78 |p 2024-0540 |r 2024-06-11 00:00:00 |t 702182 |w 2024-06-11 |y BK | ||
| 999 | |c 2624 |d 2624 | ||